[Event "4NCL Online Division 5"]
[Site "online"]
[Date "2020.05.05"]
[Round "5.224"]
[White "Adatia, Amar"]
[Black "Whelan, Sean"]
[Result "1-0"]
[WhiteElo "1247"]
[BlackElo "1267"]
[PlyCount "149"]
[EventDate "2020.05.05"]
[WhiteTeam "Streatham C"]
[BlackTeam "4 Gems"]

1. e4 e6 2. Nf3 d5 3. Nc3 a6 4. exd5 exd5 5. d4 h6 6. Ne5 Qe7 7. Nxd5 Qd8 8.
Be2 Qxd5 9. O-O Bd6 10. Bc4 Bg4 11. Bxd5 Bxd1 12. Rxd1 Bxe5 13. dxe5 Ra7 14.
Be3 b6 15. c4 Ne7 16. c5 Nxd5 17. Rxd5 Rb7 18. Rad1 Ke7 19. cxb6 cxb6 20. Rd6
Nd7 21. f4 Rc8 22. f5 Nxe5 23. Rxb6 Rxb6 24. Bxb6 Kf6 25. Rf1 Rb8 26. Bd4 Rb5
27. g4 Kg5 28. Bxe5 Rxe5 29. h3 Re2 30. Rf2 Re3 31. Rh2 Kh4 32. Kg2 Re1 33. Kf2
Rc1 34. Ke3 Re1+ 35. Kf3 Rd1 36. Ke2 Rg1 37. Kf2 Rg3 38. b4 Ra3 39. Ke1 Rc3 40.
Kd2 Rc7 41. a4 Rc8 42. Kd3 Rc1 43. Rc2 Ra1 44. a5 Kxh3 45. Rc7 Kxg4 46. Rxf7
Rd1+ 47. Kc4 Rd6 48. Kc5 Rd8 49. Kb6 Rd4 50. Rxg7+ Kxf5 51. Kc5 Re4 52. Rc7 h5
53. Rc6 Re5+ 54. Kc4 Re4+ 55. Kb3 h4 56. Rxa6 h3 57. Rh6 Re3+ 58. Ka4 Kg4 59.
Kb5 Re1 60. a6 Ra1 61. Kb6 Kg3 62. b5 Kg2 63. a7 h2 64. Kb7 h1=Q 65. Rxh1 Rxh1
66. a8=Q Rh7+ 67. Ka6+ Kg3 68. Qg8+ Kf4 69. Qxh7 Ke5 70. b6 Kf6 71. b7 Ke6 72.
b8=Q Kf6 73. Qd6+ Kg5 74. Qhh6+ Kg4 75. Qdf4# 1-0

[Event "4NCL Online Division 5"]
[Site "online"]
[Date "2020.05.05"]
[Round "5.231"]
[White "Brewis, Alan"]
[Black "Parsons, Robert"]
[Result "0-1"]
[WhiteElo "1375"]
[BlackElo "1720"]
[PlyCount "36"]
[EventDate "2020.05.05"]
[WhiteTeam "Broken Herts 3"]
[BlackTeam "Hatch End B"]

1. d4 d5 2. Bf4 Nf6 3. e3 Bf5 4. c4 e6 5. Qb3 b6 6. Nf3 Nc6 7. cxd5 Nxd5 8. a3
Nxf4 9. exf4 Nxd4 10. Qa4+ c6 11. Nxd4 b5 12. Qd1 Bxb1 13. Rxb1 Qb6 14. Qf3 Rc8
15. b4 Qxd4 16. Rd1 Bxb4+ 17. Ke2 Qb2+ 18. Ke3 Bc5+ 0-1

[Event "4NCL Online Division 5"]
[Site "online"]
[Date "2020.05.05"]
[Round "5.232"]
[White "Barry, Brendan"]
[Black "Gilmour, Ian"]
[Result "0-1"]
[WhiteElo "1315"]
[BlackElo "1397"]
[PlyCount "74"]
[EventDate "2020.05.05"]
[WhiteTeam "Hatch End B"]
[BlackTeam "Broken Herts 3"]

1. e4 e5 2. Nf3 Nc6 3. Bc4 Bc5 4. O-O Nf6 5. d3 d6 6. h3 O-O 7. Nc3 h6 8. a3
Re8 9. b4 Bb6 10. b5 Nd4 11. Nd5 Nxd5 12. Bxd5 c6 13. bxc6 Nxc6 14. d4 Bxd4 15.
Nxd4 Nxd4 16. c3 Nc6 17. f4 Be6 18. fxe5 dxe5 19. c4 Bxd5 20. exd5 Na5 21. Qd3
Rc8 22. Bd2 Nxc4 23. Rab1 Nxd2 24. Qxd2 b6 25. d6 Qd7 26. Rfe1 Rcd8 27. Rb5
Qxd6 28. Qxd6 Rxd6 29. Rbxe5 Rxe5 30. Rxe5 Re6 31. Rb5 Re3 32. a4 Ra3 33. g4
Rxh3 34. a5 Rg3+ 35. Kh2 Rxg4 36. axb6 axb6 37. Rxb6 f5 0-1

[Event "4NCL Online Division 5"]
[Site "online"]
[Date "2020.05.05"]
[Round "5.233"]
[White "Cooper, John L"]
[Black "Gill, Veer"]
[Result "1-0"]
[WhiteElo "1247"]
[BlackElo "1285"]
[PlyCount "119"]
[EventDate "2020.05.05"]
[WhiteTeam "Broken Herts 3"]
[BlackTeam "Hatch End B"]

1. e4 e5 2. Nf3 Nc6 3. Bb5 Nf6 4. d3 h6 5. Be3 Be7 6. Nc3 O-O 7. Bxc6 bxc6 8.
Nxe5 Bb4 9. Bd2 Re8 10. Nf3 d5 11. O-O dxe4 12. Nxe4 Bxd2 13. Nexd2 Bg4 14. Re1
Qd5 15. Re2 Rad8 16. Qf1 Rd6 17. b3 Rde6 18. Rae1 Qf5 19. Rxe6 Rxe6 20. Nd4
Rxe1 21. Qxe1 Qc5 22. Qe3 Nd5 23. Qe8+ Qf8 24. Qxf8+ Kxf8 25. Nxc6 Bf5 26. Nd4
Bg6 27. N2f3 Ke7 28. Kf1 Kd6 29. Nb5+ Kc5 30. Nxa7 Nb4 31. d4+ Kd5 32. c4+ Kd6
33. Nb5+ Kc6 34. Ne5+ Kb7 35. Nxg6 fxg6 36. a3 Nc6 37. d5 Ne7 38. d6 cxd6 39.
Nxd6+ Kc6 40. Nb5 h5 41. Ke2 Nf5 42. Kd3 Nh4 43. g3 Nf5 44. Nd4+ Nxd4 45. Kxd4
g5 46. h3 g6 47. b4 Kb6 48. a4 Kc6 49. b5+ Kb6 50. c5+ Kc7 51. a5 g4 52. h4 Kb7
53. Kd5 Ka7 54. Kd6 Kb7 55. c6+ Ka8 56. b6 g5 57. hxg5 Kb8 58. Kd7 Ka8 59. c7
Kb7 60. c8=Q# 1-0

[Event "4NCL Online Division 5"]
[Site "online"]
[Date "2020.05.05"]
[Round "5.234"]
[White "Shah, Ashok"]
[Black "Berkhout, Theo"]
[Result "0-1"]
[WhiteElo "1187"]
[BlackElo "1067"]
[PlyCount "112"]
[EventDate "2020.05.05"]
[WhiteTeam "Hatch End B"]
[BlackTeam "Broken Herts 3"]

1. e4 c5 2. Nf3 d6 3. d4 cxd4 4. Qxd4 Nc6 5. Bb5 Qa5+ 6. Qd2 Qxb5 7. Nc3 Qb6 8.
Nd5 Qd8 9. Qf4 e5 10. Qg5 Qd7 11. Bd2 f6 12. Qh5+ g6 13. Qh4 Qg4 14. Nxf6+ Nxf6
15. Qxf6 Rg8 16. Ng5 Rg7 17. h3 Qxg2 18. O-O-O Bg4 19. Rhg1 Qf3 20. hxg4 Qxf6
21. Rh1 O-O-O 22. Nxh7 Qxf2 23. Be1 Qf4+ 24. Bd2 Qxe4 25. Rdf1 Nb4 26. Bxb4
Qxb4 27. Nxf8 Qxg4 28. Rhg1 Qh3 29. Rh1 Qxh1 30. Rxh1 Rxf8 31. b4 b5 32. Rd1
Kc7 33. Rd5 a6 34. Kb2 g5 35. Rd3 g4 36. Rc3+ Kd7 37. Ra3 Ra8 38. Rg3 e4 39.
Kc1 Ke6 40. Kd2 Ke5 41. Ke3 Rc8 42. Rg2 g3 43. a3 d5 44. c4 dxc4 45. Rc2 g2 46.
Rc1 c3 47. Kf2 g1=Q+ 48. Rxg1 Rxg1 49. Kxg1 c2 50. a4 c1=Q+ 51. Kf2 Qc3 52.
axb5 axb5 53. Kg2 Rg8+ 54. Kf2 Qf3+ 55. Ke1 Rg1+ 56. Kd2 Qd3# 0-1

[Event "4NCL Online Division 5"]
[Site "online"]
[Date "2020.05.05"]
[Round "5.241"]
[White "Eccleston, Bryony"]
[Black "Gardner, Phillip K"]
[Result "0-1"]
[WhiteElo "1330"]
[BlackElo "1846"]
[PlyCount "130"]
[EventDate "2020.05.05"]
[WhiteTeam "Manchester Juniors C"]
[BlackTeam "Sheffield Deaf"]

1. d4 Nf6 2. Bf4 c5 3. c3 e6 4. e3 b6 5. Nf3 Bb7 6. Be2 Be7 7. Nbd2 cxd4 8.
cxd4 O-O 9. O-O Nh5 10. Bg3 Nxg3 11. hxg3 d6 12. Nb3 Nd7 13. Rc1 Nf6 14. Nbd2
Qd7 15. Nc4 Rac8 16. Qd3 Be4 17. Qd2 h6 18. Bd3 Qb7 19. Qe2 Rc7 20. Rc2 Rfc8
21. Rfc1 Bxd3 22. Qxd3 Qa6 23. Qb3 Ne4 24. Na3 Qb7 25. Nb5 Rxc2 26. Rxc2 a6 27.
Rxc8+ Qxc8 28. Nc3 Nxc3 29. Qxc3 Qb7 30. Nd2 b5 31. Nb3 Bd8 32. Na5 Qc7 33.
Qxc7 Bxc7 34. Nb7 a5 35. Kf1 Kf8 36. e4 Ke7 37. e5 dxe5 38. dxe5 Bxe5 39. Nxa5
Bxb2 40. Ke2 Kd7 41. Kd3 Kc7 42. Kc2 Bd4 43. f3 h5 44. Kb3 Kb6 45. Kb4 Bf2 46.
g4 Be1+ 47. Ka3 Kxa5 48. gxh5 Bg3 49. Kb3 f5 50. Kc3 e5 51. Kd3 Kb4 52. Ke3 Ka3
53. Kd3 Kxa2 54. Kc3 Be1+ 55. Kd3 b4 56. Ke2 Bg3 57. Ke3 b3 58. Ke2 b2 59. Kd2
b1=Q 60. Ke3 Qb3+ 61. Kd2 Bf4+ 62. Ke2 Qe3+ 63. Kf1 e4 64. fxe4 Bg3 65. h6 Qf2#
0-1

[Event "4NCL Online Division 5"]
[Site "online"]
[Date "2020.05.05"]
[Round "5.242"]
[White "Gibson, Stephen"]
[Black "Seet, Joshua"]
[Result "1-0"]
[WhiteElo "1510"]
[BlackElo "1232"]
[PlyCount "35"]
[EventDate "2020.05.05"]
[WhiteTeam "Sheffield Deaf"]
[BlackTeam "Manchester Juniors C"]

1. e4 e6 2. d4 d5 3. e5 c5 4. c3 Nc6 5. Nf3 Qb6 6. Bd3 Bd7 7. Bc2 Nge7 8. O-O
Ng6 9. Nbd2 Be7 10. Nb3 c4 11. Nbd2 O-O 12. b3 cxb3 13. Nxb3 Nh4 14. Nxh4 Bxh4
15. Qh5 g6 16. Qxh4 Na5 17. Bh6 Nxb3 18. Qf6 1-0

[Event "4NCL Online Division 5"]
[Site "online"]
[Date "2020.05.05"]
[Round "5.243"]
[White "Eccleston, Rowan"]
[Black "Litherland, Reuben"]
[Result "1-0"]
[WhiteElo "1120"]
[BlackElo "1375"]
[PlyCount "55"]
[EventDate "2020.05.05"]
[WhiteTeam "Manchester Juniors C"]
[BlackTeam "Sheffield Deaf"]

1. f4 d5 2. Nf3 c5 3. e3 Nf6 4. b3 Nc6 5. Bb2 Bf5 6. Bb5 e6 7. O-O Bd6 8. d4
Bg4 9. h3 Bh5 10. Nbd2 Bg6 11. c4 O-O 12. Rc1 a6 13. Bxc6 bxc6 14. cxd5 cxd5
15. dxc5 Be7 16. Ne5 Bh5 17. g4 Bg6 18. Nxg6 fxg6 19. Bxf6 gxf6 20. Nf3 Qa5 21.
Qd2 Qa3 22. Nd4 Bxc5 23. Nxe6 Rfc8 24. Qxd5 Bxe3+ 25. Kh1 Rxc1 26. Ng5+ Kg7 27.
Qf7+ Kh8 28. Qxh7# 1-0

[Event "4NCL Online Division 5"]
[Site "online"]
[Date "2020.05.05"]
[Round "5.244"]
[White "Cooper, Howard"]
[Black "Sheehy, Lewis"]
[Result "0-1"]
[WhiteElo "1300"]
[BlackElo "992"]
[PlyCount "58"]
[EventDate "2020.05.05"]
[WhiteTeam "Sheffield Deaf"]
[BlackTeam "Manchester Juniors C"]

1. e4 e5 2. Nf3 Nc6 3. c3 f6 4. Bc4 Bc5 5. O-O Nge7 6. d3 d5 7. exd5 Nxd5 8.
Re1 O-O 9. Qb3 Be6 10. Nbd2 Na5 11. Qc2 Nxc4 12. Nxc4 Nf4 13. Bxf4 Bxc4 14.
dxc4 exf4 15. Rad1 Qc8 16. Re4 Qf5 17. Rd5 Bxf2+ 18. Kxf2 Qg4 19. Kg1 Qg6 20.
Rdd4 Rfe8 21. h3 Kf7 22. c5 Rxe4 23. Rxe4 Re8 24. Qb3+ Kf8 25. Rxf4 Re2 26. g4
Qb1+ 27. Ne1 Qxe1+ 28. Rf1 Qg3+ 29. Kh1 Qh2# 0-1

[Event "4NCL Online Division 5"]
[Site "online"]
[Date "2020.05.05"]
[Round "5.252"]
[White "Tran, Le Gia Khuong"]
[Black "Khandelwal, Akshaj"]
[Result "0-1"]
[WhiteElo "700"]
[BlackElo "1150"]
[PlyCount "120"]
[EventDate "2020.05.05"]
[WhiteTeam "BBC Foxes"]
[BlackTeam "Watford Juniors C"]

1. e4 c6 2. Nh3 d5 3. exd5 cxd5 4. g3 e5 5. d3 Nf6 6. c3 Bc5 7. Be3 Bxe3 8.
fxe3 O-O 9. Ng5 h6 10. Nf3 e4 11. dxe4 dxe4 12. Nd4 Nc6 13. Nd2 Nxd4 14. cxd4
Bg4 15. Be2 Bxe2 16. Qxe2 Qb6 17. b3 Qb4 18. O-O Nd5 19. Nxe4 Nc3 20. Nxc3 Qxc3
21. Rac1 Qa5 22. Rc5 Qb6 23. Rff5 Rfe8 24. Qf3 Re7 25. Rh5 Qb4 26. Rcf5 Qe1+
27. Kg2 Qd2+ 28. Kh3 Qxa2 29. Qg4 Re6 30. Qh4 Qxb3 31. Qf4 Rf8 32. Re5 Rxe5 33.
Qxe5 Qe6+ 34. Rf5 g6 35. Qxe6 fxe6 36. Rc5 Rf7 37. Re5 Re7 38. Rc5 b6 39. Rc8+
Kf7 40. Ra8 b5 41. Rb8 a6 42. Rb6 Ra7 43. e4 a5 44. Rxb5 a4 45. Rb2 a3 46. Ra2
Kf6 47. d5 exd5 48. exd5 Ke5 49. Kg4 Kxd5 50. Kf4 Kc4 51. Ke5 Kb3 52. Rf2 a2
53. Rf3+ Kc4 54. Rf4+ Kd3 55. Rf3+ Ke2 56. Rf6 a1=Q+ 57. Ke6 Ra6+ 58. Kf7 Qxf6+
59. Kg8 Qe7 60. Kh8 Ra8# 0-1

[Event "4NCL Online Division 5"]
[Site "online"]
[Date "2020.05.05"]
[Round "5.253"]
[White "Keerthi Kumar, Advait"]
[Black "Panunzio, Jacopo"]
[Result "1-0"]
[WhiteElo "1075"]
[BlackElo "700"]
[PlyCount "53"]
[EventDate "2020.05.05"]
[WhiteTeam "Watford Juniors C"]
[BlackTeam "BBC Foxes"]

1. e4 e5 2. Nf3 Nc6 3. Be2 Bc5 4. O-O Nf6 5. Nc3 O-O 6. d3 d6 7. Bg5 Be6 8. Bh4
b6 9. Na4 Bb4 10. c3 Ba5 11. b4 Bxb4 12. cxb4 Nxb4 13. Nc3 Na6 14. d4 Nb4 15.
dxe5 dxe5 16. Qxd8 Raxd8 17. Bxf6 Rd7 18. Bxe5 Nc2 19. Rac1 Na3 20. Nb5 Nxb5
21. Bxb5 Rd2 22. Nxd2 Bxa2 23. Rxc7 a5 24. Rb7 Rd8 25. Rxb6 Rxd2 26. Rb8+ Rd8
27. Rxd8# 1-0

[Event "4NCL Online Division 5"]
[Site "online"]
[Date "2020.05.05"]
[Round "5.254"]
[White "Wang, Mark"]
[Black "Shah, Prem"]
[Result "0-1"]
[WhiteElo "700"]
[BlackElo "1022"]
[PlyCount "48"]
[EventDate "2020.05.05"]
[WhiteTeam "BBC Foxes"]
[BlackTeam "Watford Juniors C"]

1. e4 e5 2. Nf3 Nc6 3. Nc3 Nf6 4. Bc4 Nxe4 5. d3 Nxc3 6. bxc3 Bc5 7. Bg5 f6 8.
Be3 Bxe3 9. fxe3 d5 10. Bb5 O-O 11. c4 Bg4 12. cxd5 Bxf3 13. Qxf3 Nb4 14. e4
Nxc2+ 15. Kd2 Nxa1 16. Rxa1 Qd6 17. g4 Qb4+ 18. Kc2 Qxb5 19. g5 fxg5 20. Rg1
Rxf3 21. Rxg5 Rf2+ 22. Kc3 Qb2+ 23. Kc4 b5+ 24. Kc5 Rc2# 0-1

[Event "4NCL Online Division 5"]
[Site "online"]
[Date "2020.05.05"]
[Round "5.5"]
[White "Johal, Amrissa Kaur"]
[Black "Liu, Jason"]
[Result "0-1"]
[WhiteElo "1382"]
[BlackElo "1000"]
[PlyCount "78"]
[EventDate "2020.05.05"]
[WhiteTeam "Warwickshire Bears D"]
[BlackTeam "BBC Penguins"]

1. d4 d6 2. e4 c6 3. Nc3 Qc7 4. h3 Nf6 5. Bd3 e5 6. Nf3 Be6 7. Bg5 Nbd7 8. dxe5
dxe5 9. O-O Be7 10. a3 O-O 11. Qd2 Rad8 12. Qe3 Bc5 13. Qe2 h6 14. Be3 Bxe3 15.
Qxe3 b6 16. Rfe1 Nc5 17. Rad1 Nh5 18. b4 Nxd3 19. Rxd3 Nf4 20. Rd2 f6 21. Red1
Rxd2 22. Qxd2 Qf7 23. Kh2 Qg6 24. Rg1 Qh5 25. h4 Bg4 26. Qd1 Bxf3 27. Qxf3
Qxh4+ 28. Qh3 Nxh3 29. gxh3 Qxf2+ 30. Rg2 Qf4+ 31. Kh1 Rd8 32. Ne2 Rd1+ 33. Rg1
Qxe4+ 34. Kh2 Qxe2+ 35. Kh1 Qf3+ 36. Kh2 Qf2+ 37. Rg2 Qf4+ 38. Rg3 Rd2+ 39. Kh1
Qxg3 0-1

[Event "4NCL Online Division 5"]
[Site "online"]
[Date "2020.05.05"]
[Round "5.6"]
[White "Liu, Benjamin"]
[Black "Amir, Zain"]
[Result "0-1"]
[WhiteElo "700"]
[BlackElo "1390"]
[PlyCount "46"]
[EventDate "2020.05.05"]
[WhiteTeam "BBC Penguins"]
[BlackTeam "Warwickshire Bears D"]

1. d4 d5 2. c4 e6 3. Nc3 Nf6 4. Bg5 Bb4 5. e3 h6 6. Bxf6 gxf6 7. Nf3 Nc6 8. Bd3
Rg8 9. O-O Bd7 10. Qb3 Qe7 11. a3 Bxc3 12. Qxc3 Qf8 13. Rfe1 Qg7 14. g3 Qg4 15.
Nd2 h5 16. h4 Qxh4 17. Bh7 Rg7 18. e4 dxe4 19. Rxe4 Qg5 20. d5 Ne5 21. f4 Qxg3+
22. Kf1 Qg1+ 23. Ke2 Rg2# 0-1

[Event "4NCL Online Division 5"]
[Site "online"]
[Date "2020.05.05"]
[Round "5.7"]
[White "Nasibova, Margarita"]
[Black "Bell, Euan"]
[Result "1-0"]
[WhiteElo "1360"]
[BlackElo "700"]
[PlyCount "99"]
[EventDate "2020.05.05"]
[WhiteTeam "Warwickshire Bears D"]
[BlackTeam "BBC Penguins"]

1. c4 g6 2. Nc3 Bg7 3. g3 e6 4. e4 Nf6 5. d3 O-O 6. Bg2 c6 7. Nge2 Re8 8. O-O
d5 9. Bg5 h6 10. Bxf6 Bxf6 11. exd5 exd5 12. cxd5 cxd5 13. Nxd5 Bxb2 14. Rb1
Bg7 15. h3 Be6 16. Nef4 Nc6 17. Qa4 Rb8 18. Rfe1 a6 19. Nxe6 fxe6 20. Nf4 Bc3
21. Rxe6 Rxe6 22. Nxe6 Qxd3 23. Qb3 Kh7 24. Bxc6 Qd2 25. Rd1 Qb2 26. Rd7+ Kh8
27. Qxb2 Bxb2 28. Rxb7 Rc8 29. Be4 Rc1+ 30. Kg2 Re1 31. Bd5 Ba3 32. Rb3 Bd6 33.
Rb6 Be5 34. Rxa6 Rd1 35. Bb3 Rd6 36. Rxd6 Bxd6 37. f4 Bc5 38. Nxc5 Kg7 39. a4
g5 40. fxg5 hxg5 41. a5 Kg6 42. a6 Kh5 43. a7 g4 44. hxg4+ Kxg4 45. a8=Q Kh5
46. Ne6 Kg4 47. Qe4+ Kh5 48. Bd1+ Kh6 49. Qg4 Kh7 50. Qg7# 1-0

[Event "4NCL Online Division 5"]
[Site "online"]
[Date "2020.05.05"]
[Round "5.8"]
[White "Florczak, Adam"]
[Black "Chen, Olivia"]
[Result "0-1"]
[WhiteElo "700"]
[BlackElo "1307"]
[PlyCount "145"]
[EventDate "2020.05.05"]
[WhiteTeam "BBC Penguins"]
[BlackTeam "Warwickshire Bears D"]

1. e4 e6 2. Nf3 d5 3. exd5 exd5 4. Be2 c6 5. Nc3 Bf5 6. d3 Nf6 7. Bf4 Nbd7 8.
O-O Bc5 9. d4 Be7 10. Qd2 O-O 11. Bg5 h6 12. Bxf6 Bxf6 13. h3 Re8 14. Rae1 Qc7
15. Na4 Re7 16. Nc5 Rae8 17. Nxd7 Qxd7 18. c3 Bg5 19. Nxg5 hxg5 20. Bg4 Bxg4
21. hxg4 Rxe1 22. Rxe1 f6 23. Rxe8+ Qxe8 24. Qd1 Qe4 25. b4 g6 26. f3 Qf4 27.
a4 Qe3+ 28. Kf1 Qxc3 29. b5 Qc4+ 30. Ke1 Qc3+ 31. Qd2 Qxd2+ 32. Kxd2 Kf7 33.
bxc6 bxc6 34. Kc3 Ke7 35. Kb4 Kd7 36. Kc5 Kc7 37. a5 a6 38. g3 f5 39. gxf5 gxf5
40. f4 g4 41. Kb4 Kd6 42. Kc3 c5 43. dxc5+ Kxc5 44. Kd3 d4 45. Kd2 Kd5 46. Kd3
Kc5 47. Kd2 Kc4 48. Kc2 d3+ 49. Kd2 Kd4 50. Kd1 Ke3 51. Ke1 Kf3 52. Kd2 Kxg3
53. Kxd3 Kxf4 54. Ke2 g3 55. Kf1 Kg4 56. Kg2 f4 57. Kg1 f3 58. Kf1 g2+ 59. Kf2
Kf4 60. Kg1 Ke3 61. Kh2 Ke2 62. Kg1 f2+ 63. Kxg2 f1=Q+ 64. Kg3 Qf3+ 65. Kh4 Qg2
66. Kh5 Qg3 67. Kh6 Qg4 68. Kh7 Qg5 69. Kh8 Ke3 70. Kh7 Ke4 71. Kh8 Ke5 72. Kh7
Kf6 73. Kh8 0-1

[Event "4NCL Online Division 5"]
[Site "online"]
[Date "2020.05.12"]
[Round "6.11"]
[White "Pincheira Sarmiento, Bernardo"]
[Black "Lovatt, Peter G"]
[Result "1-0"]
[WhiteElo "1795"]
[BlackElo "1787"]
[PlyCount "57"]
[EventDate "2020.05.12"]
[WhiteTeam "Nottingham University 2"]
[BlackTeam "Wirral League Wanderers"]

1. d4 Nf6 2. c4 e6 3. Nf3 d5 4. Bg5 Nbd7 5. cxd5 exd5 6. e3 c6 7. Nc3 Be7 8.
Bd3 h6 9. Bh4 O-O 10. O-O Re8 11. Qc2 Ne4 12. Bxe7 Qxe7 13. Nd2 Ndf6 14. Ncxe4
dxe4 15. Bc4 Bg4 16. Rae1 Bh5 17. f3 exf3 18. Nxf3 Bxf3 19. Rxf3 Rad8 20. Ref1
Rd6 21. Qg6 Kf8 22. Qg3 Red8 23. Rf5 Qe4 24. Qf2 Re8 25. Rf3 Re7 26. h3 Red7
27. Rf4 Qg6 28. Bb3 Re7 29. Bc2 1-0

[Event "4NCL Online Division 5"]
[Site "online"]
[Date "2020.05.12"]
[Round "6.12"]
[White "Bailey, Adrian"]
[Black "Majid, Haroon"]
[Result "0-1"]
[WhiteElo "1772"]
[BlackElo "1772"]
[PlyCount "122"]
[EventDate "2020.05.12"]
[WhiteTeam "Wirral League Wanderers"]
[BlackTeam "Nottingham University 2"]

1. Nf3 Nf6 2. d4 e6 3. c4 c5 4. d5 exd5 5. cxd5 d6 6. Nc3 g6 7. e4 Bg7 8. Be2
O-O 9. O-O Re8 10. Qc2 a6 11. a4 Bg4 12. Bg5 Nbd7 13. Nd2 Bxe2 14. Nxe2 Qc7 15.
a5 Nxd5 16. Nc4 Nb4 17. Qd1 Rxe4 18. Nxd6 Rxe2 19. Qxe2 Qxd6 20. Rfd1 Qc6 21.
Qe7 Nf8 22. Rd6 Qb5 23. Bf6 Nc6 24. Qc7 Ne6 25. Rxe6 Bxf6 26. Rxf6 Rf8 27. Qb6
Qxb6 28. axb6 Rd8 29. Kf1 Rd4 30. Rc1 Ne5 31. Rxc5 Kg7 32. Rxe5 Kxf6 33. Rc5
Rb4 34. Rc3 Rxb2 35. Rf3+ Kg7 36. Ke1 Rxb6 37. Kd2 Rc6 38. Rb3 b5 39. Kd3 f5
40. Kd4 Kf6 41. Kd5 Re6 42. Rb2 g5 43. Ra2 f4 44. Kc5 h5 45. Rd2 Kf5 46. Kd5 a5
47. Ra2 Re5+ 48. Kd4 b4 49. Kc4 g4 50. Kb3 f3 51. g3 Kg6 52. Rc2 h4 53. Rc4 Kg5
54. Rf4 hxg3 55. hxg3 Re2 56. Ka4 Rxf2 57. Kxa5 Rg2 58. Kxb4 Rxg3 59. Rf8 Rg1
60. Rg8+ Kf4 61. Rf8+ Kg3 0-1

[Event "4NCL Online Division 5"]
[Site "online"]
[Date "2020.05.12"]
[Round "6.13"]
[White "Dabner, Tom"]
[Black "Beckett, Phill"]
[Result "1/2-1/2"]
[WhiteElo "1690"]
[BlackElo "1720"]
[PlyCount "28"]
[EventDate "2020.05.12"]
[WhiteTeam "Nottingham University 2"]
[BlackTeam "Wirral League Wanderers"]

1. e4 e5 2. Nc3 Nf6 3. f4 d5 4. fxe5 Nxe4 5. Qf3 Nxc3 6. bxc3 c5 7. d4 Be7 8.
Bd3 Nc6 9. Ne2 O-O 10. O-O Be6 11. Qg3 Bh4 12. Qf3 Be7 13. Qg3 Bh4 14. Qf3 Be7
1/2-1/2

[Event "4NCL Online Division 5"]
[Site "online"]
[Date "2020.05.12"]
[Round "6.14"]
[White "Ray, Hiya"]
[Black "Soe, Zwe Wai Yan"]
[Result "1-0"]
[WhiteElo "1586"]
[BlackElo "1195"]
[PlyCount "47"]
[EventDate "2020.05.12"]
[WhiteTeam "Wirral League Wanderers"]
[BlackTeam "Nottingham University 2"]

1. d4 d5 2. Nf3 Bf5 3. g3 Nf6 4. Bg2 Nc6 5. O-O Ne4 6. Nbd2 e6 7. Nxe4 dxe4 8.
Nd2 Qxd4 9. c3 Qc5 10. Nxe4 Bxe4 11. Bxe4 Rd8 12. Qa4 Be7 13. Be3 Qa5 14. Bxc6+
Kf8 15. Qxa5 bxc6 16. Qxc7 f5 17. Qxc6 Kf7 18. Rad1 Ra8 19. Rd7 Rhc8 20. Qb7
Ke8 21. Rxe7+ Kf8 22. Rf7+ Kg8 23. Rxg7+ Kf8 24. Qf7# 1-0

[Event "4NCL Online Division 5"]
[Site "online"]
[Date "2020.05.12"]
[Round "6.21"]
[White "Hilton, Tim"]
[Black "Krawczuk, Michael J"]
[Result "1-0"]
[WhiteElo "1885"]
[BlackElo "1828"]
[PlyCount "51"]
[EventDate "2020.05.12"]
[WhiteTeam "Bolton & Worsley"]
[BlackTeam "Wessex Some Stars C"]

1. d4 e6 2. Nf3 b6 3. e4 Bb7 4. Bd3 c5 5. c3 cxd4 6. cxd4 Bb4+ 7. Nbd2 Nf6 8.
Qe2 d5 9. e5 Ne4 10. O-O Nxd2 11. Nxd2 Nd7 12. Qg4 g6 13. Nf3 a6 14. h4 h5 15.
Qg3 Nf8 16. a3 Be7 17. Bd2 Qd7 18. Rac1 Rc8 19. Ng5 Rg8 20. Qf3 Rg7 21. g4 hxg4
22. Qxg4 Qd8 23. f4 Qd7 24. h5 gxh5 25. Qxh5 Rg8 26. Qxf7+ 1-0

[Event "4NCL Online Division 5"]
[Site "online"]
[Date "2020.05.12"]
[Round "6.22"]
[White "Chilton, James I"]
[Black "Doherty, Paul"]
[Result "1-0"]
[WhiteElo "1725"]
[BlackElo "1738"]
[PlyCount "35"]
[EventDate "2020.05.12"]
[WhiteTeam "Wessex Some Stars C"]
[BlackTeam "Bolton & Worsley"]

1. e4 d6 2. d4 Nf6 3. Nc3 c6 4. Nf3 Bg4 5. h3 Bh5 6. Bd3 e6 7. g4 Bg6 8. Bf4 d5
9. e5 Nfd7 10. Bxg6 hxg6 11. Ng5 Be7 12. Qd2 Qb6 13. O-O-O c5 14. dxc5 Nxc5 15.
Be3 Qa6 16. Bxc5 Bxc5 17. Nxd5 Qc6 18. Nf6+ 1-0

[Event "4NCL Online Division 5"]
[Site "online"]
[Date "2020.05.12"]
[Round "6.23"]
[White "Lamb, Ian"]
[Black "Pankaj Tomar"]
[Result "0-1"]
[WhiteElo "1568"]
[BlackElo "1525"]
[PlyCount "104"]
[EventDate "2020.05.12"]
[WhiteTeam "Bolton & Worsley"]
[BlackTeam "Wessex Some Stars C"]

1. d4 e6 2. Nf3 Nf6 3. g3 Be7 4. Bg2 d5 5. O-O O-O 6. c4 c5 7. Nc3 cxd4 8. Nxd4
dxc4 9. Bg5 a6 10. a4 Nbd7 11. e3 h6 12. Bxf6 Nxf6 13. Qe2 Qc7 14. Rfc1 e5 15.
Nf3 Be6 16. Nd2 Rac8 17. Qf3 Rb8 18. Qe2 b5 19. axb5 axb5 20. Nce4 Nxe4 21.
Nxe4 f5 22. Nd2 Rfd8 23. Ra6 Bf7 24. Rca1 Bc5 25. Rc6 Qe7 26. Raa6 Rd3 27. Nf3
Rbd8 28. Nh4 Rd2 29. Qf3 Bd5 30. Nxf5 Bxf3 31. Nxe7+ Bxe7 32. Bxf3 Rxb2 33. Ra7
Bf6 34. Rac7 Rb1+ 35. Kg2 Rc1 36. Rc8 Rxc8 37. Rxc8+ Kf7 38. Be4 Rc3 39. Rb8
Rb3 40. Bd5+ Ke7 41. Rc8 Kd7 42. Rc6 Ra3 43. Rb6 c3 44. Be4 Rb3 45. Rc6 Rb4 46.
Kf3 Rxe4 47. Rxc3 Rc4 48. Rb3 b4 49. h4 Kc6 50. g4 Kc5 51. Kg3 Rc3 52. Rb1 b3
0-1

[Event "4NCL Online Division 5"]
[Site "online"]
[Date "2020.05.12"]
[Round "6.24"]
[White "Cuthbert, Larissa"]
[Black "Busznyak, Arpad"]
[Result "0-1"]
[WhiteElo "1010"]
[BlackElo "1570"]
[PlyCount "52"]
[EventDate "2020.05.12"]
[WhiteTeam "Wessex Some Stars C"]
[BlackTeam "Bolton & Worsley"]

1. e4 e5 2. Nf3 Nc6 3. Bc4 Bc5 4. b4 Bxb4 5. c3 Be7 6. d4 d6 7. d5 Na5 8. Qa4+
Bd7 9. Qxa5 Nf6 10. Nbd2 a6 11. O-O b6 12. Qb4 Bg4 13. Bxa6 O-O 14. Bb7 Ra7 15.
Bc6 Nh5 16. Ne1 Be2 17. c4 f5 18. f3 Bg5 19. Nc2 Bxf1 20. Nxf1 fxe4 21. fxe4
Nf4 22. Nce3 Qf6 23. Nf5 g6 24. N5e3 Ne2+ 25. Kh1 Qf2 26. Ba3 Qg1# 0-1

[Event "4NCL Online Division 5"]
[Site "online"]
[Date "2020.05.12"]
[Round "6.31"]
[White "McGettigan, Andrew"]
[Black "Nolan, Dermot"]
[Result "1/2-1/2"]
[WhiteElo "1723"]
[BlackElo "1845"]
[PlyCount "133"]
[EventDate "2020.05.12"]
[WhiteTeam "CSC 5"]
[BlackTeam "Gonzaga D"]

1. e4 c5 2. Nf3 d6 3. Bb5+ Nd7 4. Ba4 a6 5. c4 Ngf6 6. Nc3 g6 7. d4 cxd4 8.
Nxd4 Bg7 9. O-O O-O 10. h3 Nc5 11. Bc2 Bd7 12. Be3 h6 13. Qd2 Kh7 14. Rad1 Rc8
15. f4 Ng8 16. f5 Bc6 17. b4 Nd7 18. fxg6+ fxg6 19. Ne6 Rxf1+ 20. Rxf1 Qe8 21.
Nxg7 Kxg7 22. b5 Ne5 23. bxc6 Qxc6 24. Bb3 Nxc4 25. Qd4+ e5 26. Qxc4 Qxc4 27.
Bxc4 Rxc4 28. Nd5 Rxe4 29. Rc1 b5 30. Rc7+ Kf8 31. Rc8+ Kf7 32. Rxg8 Rxe3 33.
Rd8 Ra3 34. Rxd6 Rxa2 35. Rf6+ Kg7 36. Re6 a5 37. Re7+ Kf8 38. Rxe5 b4 39. Re1
b3 40. Nc3 Rc2 41. Na4 b2 42. Nxb2 Rxb2 43. Ra1 Rb5 44. Rc1 Rf5 45. Rc8+ Ke7
46. Ra8 Kd7 47. Ra6 Kc7 48. Rxg6 a4 49. Ra6 Rf4 50. g4 Kb7 51. Ra5 Kb6 52. Ra8
Kb5 53. Kg2 Kb4 54. Kg3 Rc4 55. h4 a3 56. g5 hxg5 57. hxg5 Rc5 58. Kf4 Ra5 59.
Rxa5 Kxa5 60. g6 a2 61. g7 a1=Q 62. g8=Q Qf1+ 63. Ke5 Qe2+ 64. Kd6 Qa6+ 65. Ke5
Qb5+ 66. Qd5 Qxd5+ 67. Kxd5 1/2-1/2

[Event "4NCL Online Division 5"]
[Site "online"]
[Date "2020.05.12"]
[Round "6.32"]
[White "Moran, Hugh"]
[Black "Mason, Ian"]
[Result "0-1"]
[WhiteElo "1711"]
[BlackElo "1548"]
[PlyCount "22"]
[EventDate "2020.05.12"]
[WhiteTeam "Gonzaga D"]
[BlackTeam "CSC 5"]

1. e4 c5 2. Nf3 Nc6 3. d4 cxd4 4. Nxd4 Nf6 5. Nc3 e5 6. Nb3 Bb4 7. f3 d5 8.
exd5 Nxd5 9. Bd2 Nxc3 10. bxc3 Bd6 11. Bc4 Qh4+ 0-1